How the steel was tempered/ (Record no. 43000)
[ view plain ]
| 000 -LEADER | |
|---|---|
| fixed length control field | 00760nam a22002537a 4500 |
| 005 - DATE AND TIME OF LATEST TRANSACTION | |
| control field | 20250715153806.0 |
| 010 ## - LCCN (DPL NO) | |
| LC control number | ENG-101362 ENG-137303 ENG-141282 ENG-146009 |
| 020 ## - INTERNATIONAL STANDARD BOOK NUMBER | |
| International Standard Book Number | 9789380887081 (set ) |
| Terms of availability | 300.00 |
| 020 ## - INTERNATIONAL STANDARD BOOK NUMBER | |
| Terms of availability | 550.00 |
| 020 ## - INTERNATIONAL STANDARD BOOK NUMBER | |
| International Standard Book Number | 9789380887098 |
| Terms of availability | 300.00 |
| 020 ## - INTERNATIONAL STANDARD BOOK NUMBER | |
| International Standard Book Number | 9789380887098 |
| Terms of availability | 600.00 |
| 035 ## - SYSTEM CONTROL NUMBER | |
| System control number | EN-84895 EN-120835 EN-129541 |
| 035 ## - SYSTEM CONTROL NUMBER | |
| System control number | EN-124814 |
| 037 ## - SOURCE OF ACQUISITION | |
| Source of stock number/acquisition | DBAD |
| 082 ## - DEWEY DECIMAL CLASSIFICATION NUMBER | |
| Classification number | S |
| 100 ## - MAIN ENTRY--PERSONAL NAME | |
| Personal name | Ostrovsky, Nikolai |
| 245 ## - TITLE STATEMENT | |
| Title | How the steel was tempered/ |
| Statement of responsibility, etc | By Nikolai Ostrovsky |
| 260 ## - PUBLICATION, DISTRIBUTION, ETC. (IMPRINT) | |
| Place of publication, distribution, etc | New Delhi |
| Name of publisher, distributor, etc | Juggernaut Publications |
| Date of publication, distribution, etc | 2010 |
| 270 ## - ADDRESS | |
| Address | F-3/16, Ansari Road Darya Ganj |
| City | New Delhi |
| Postal code | 110002 |
| 300 ## - PHYSICAL DESCRIPTION | |
| Extent | 198p |
| Dimensions | 21cm(Hb) |
| 300 ## - PHYSICAL DESCRIPTION | |
| Extent | 228p. |
| Dimensions | 21cm(Hb) |
| 490 ## - SERIES STATEMENT | |
| Volume number/sequential designation | Vol 1, Vol 2 |
| 942 ## - ADDED ENTRY ELEMENTS (KOHA) | |
| Source of classification or shelving scheme | Dewey Decimal Classification |
| Item type | English Books |
| Classification part | S |
| Call number suffix | OST |
| Withdrawn status | Lost status | Not for loan | Home library | Current library | Date acquired | Source of acquisition | Cost, normal purchase price | Full call number | Barcode | Copy number | Cost, replacement price | Koha item type | Public note | Collection code | Materials specified (bound volume or other part) |
|---|---|---|---|---|---|---|---|---|---|---|---|---|---|---|---|
| Bawana | Bawana | 23/08/2010 | DBAD/PUB | 300.00 | S OST | EN-84895 | 1 | 300.00 | English Books | vol 1 | |||||
| Bawana | Bawana | 07/08/2024 | Delivery of Books Act Division | 550.00 | S OST | EN-124814 | 1 | 550.00 | English Books | Non-fiction | VOL 2 | ||||
| D.B.Act.Division | Mobile Library | 06/07/2023 | DBAD/PUB | 300.00 | S OST | EN-120835 | 1 | 300.00 | English Books | Fiction | |||||
| Sarojini Nagar | Sarojini Nagar | 15/07/2025 | Delivery of Books Act Division | 600.00 | S OST | EN-129541 | 1 | 600.00 | English Books | Fiction |
